[Event "Wch U16 Girls"]
[Site "Montesilvano"]
[Date "2023.11.16"]
[Round "4"]
[White "Kosma, Maria"]
[Black "Fabio, Sara"]
[Result "1-0"]
[WhiteElo "1780"]
[BlackElo "1517"]
[PlyCount "61"]
[EventDate "2023.11.13"]
[EventType "swiss"]
[EventRounds "11"]
[EventCountry "ITA"]
[SourceTitle "CB48_2023"]
[SourceDate "2023.11.29"]
[SourceVersion "1"]
[SourceVersionDate "2023.11.29"]
[SourceQuality "1"]

1. e4 c6 2. d4 d5 3. exd5 cxd5 4. Bd3 Nf6 5. h3 Nc6 6. c3 e5 7. dxe5 Nxe5 8. Nf3 Nxd3+ 9. Qxd3 Be7 10. 0-0 0-0 11. Be3 Qc7 12. Bd4 Qf4 13. Re1 Bf5 14. Qd1 Be4 15. Nbd2 Bd6 16. Bxf6 Bxf3 17. Nxf3 Qxf6 18. Qxd5 Rfd8 19. Qe4 Bc5 20. Re2 Rd7 21. Rae1 g6 22. Qc4 Rc7 23. Qg4 Rd8 24. Ng5 Kg7 25. Ne4 Qc6 26. Qf4 Be7 27. Ng3 Bd6 28. Nf5+ Kg8 29. Qh4 Rcc8 30. Nh6+ Kg7 31. Nxf7 1-0

[Event "GRE-chT 50th"]
[Site "Nikaia"]
[Date "2023.08.26"]
[Round "3.5"]
[White "Chrysogelou, Athanasia Panagiota"]
[Black "Kosma, Maria"]
[Result "1-0"]
[WhiteElo "1949"]
[BlackElo "1699"]
[PlyCount "99"]
[EventDate "2023.08.25"]
[EventType "team"]
[EventRounds "9"]
[EventCountry "GRE"]
[SourceTitle "EXT 2024"]
[Source "ChessBase"]
[SourceDate "2023.10.10"]
[SourceVersion "1"]
[SourceVersionDate "2023.10.10"]
[SourceQuality "1"]
[WhiteTeam "Irakleiou Attikis"]
[BlackTeam "Phisiolatris"]
[WhiteTeamCountry "GRE"]
[BlackTeamCountry "GRE"]

1. d4 Nf6 2. c4 e6 3. Nf3 d5 4. e3 Be7 5. Nbd2 b6 6. Bd3 0-0 7. 0-0 Bb7 8. Re1 Ne4 9. Qc2 f5 10. Ne5 Nxd2 11. Bxd2 Bd6 12. Bc3 Nd7 13. Nxd7 Qxd7 14. c5 bxc5 15. dxc5 Bxc5 16. Bxg7 Qxg7 17. Qxc5 d4 18. e4 e5 19. Rac1 Rac8 20. f3 fxe4 21. Bxe4 Bxe4 22. Rxe4 Rf5 23. Rg4 Rg5 24. Rxg5 Qxg5 25. Re1 Re8 26. Qxc7 Kh8 27. Qc1 Qg6 28. Re4 Qa6 29. Qg5 Qe6 30. a3 a5 31. Qd2 Qd5 32. Qd3 Qc6 33. Re1 Qb6 34. Re2 Rc8 35. Rxe5 Qxb2 36. Re2 Qb6 37. Rd2 Rd8 38. Kf1 Qd6 39. g3 Qe6 40. Kg2 Qd6 41. Rb2 Qd5 42. Rb5 Qa2+ 43. Kh3 Qe6+ 44. g4 Qa6 45. a4 Qa7 46. Qd2 Qa6 47. Rxa5 Qc6 48. Qf4 Qb6 49. Rg5 Re8 50. Rh5 1-0

[Event "GRE-chT 50th"]
[Site "Nikaia"]
[Date "2023.08.25"]
[Round "1.6"]
[White "Kosma, Maria"]
[Black "Koutsouraki, Ariadni"]
[Result "1-0"]
[WhiteElo "1699"]
[BlackElo "1556"]
[PlyCount "59"]
[EventDate "2023.08.25"]
[EventType "team"]
[EventRounds "9"]
[EventCountry "GRE"]
[SourceTitle "EXT 2024"]
[Source "ChessBase"]
[SourceDate "2023.10.10"]
[SourceVersion "1"]
[SourceVersionDate "2023.10.10"]
[SourceQuality "1"]
[WhiteTeam "Phisiolatris"]
[BlackTeam "Thessaloniki Aris"]
[WhiteTeamCountry "GRE"]
[BlackTeamCountry "GRE"]

1. e4 e6 2. d4 d5 3. Bd3 Nf6 4. e5 Nfd7 5. Nd2 c5 6. c3 Nc6 7. Ne2 cxd4 8. cxd4 f6 9. exf6 Nxf6 10. Nf3 Bd6 11. 0-0 Qc7 12. Ng3 0-0 13. Bd2 Bd7 14. Rc1 Qb6 15. Bc3 Bf4 16. Rc2 Be8 17. Re1 Nd8 18. Ne5 Nf7 19. Nh5 Nxh5 20. Qxh5 Nh6 21. Qh4 Qd8 22. Qxd8 Rxd8 23. Bb4 Bxe5 24. Bxf8 Bxd4 25. Be7 Rd7 26. Rxe6 Kf7 27. Rce2 Ng8 28. Bh4 Nf6 29. Bxf6 gxf6 30. Rxe8 1-0

[Event "GRE-ch U20 Girls"]
[Site "Trikala"]
[Date "2023.04.24"]
[Round "9"]
[White "Kosma, Maria"]
[Black "Christodoulou, Georgia"]
[Result "1/2-1/2"]
[WhiteElo "1619"]
[BlackElo "1575"]
[PlyCount "141"]
[EventDate "2023.04.18"]
[EventType "swiss"]
[EventRounds "9"]
[EventCountry "GRE"]
[SourceTitle "EXT 2024"]
[Source "ChessBase"]
[SourceDate "2023.10.10"]
[SourceVersion "1"]
[SourceVersionDate "2023.10.10"]
[SourceQuality "1"]

1. e4 c5 2. Nf3 e6 3. c4 Nc6 4. d4 cxd4 5. Nxd4 Nf6 6. Nc3 Bb4 7. Nxc6 bxc6 8. Bd3 e5 9. 0-0 Bxc3 10. bxc3 0-0 11. Ba3 d6 12. Bc2 c5 13. Bc1 Bb7 14. Qe2 Qe7 15. Rb1 Rab8 16. f3 Ba6 17. Bg5 Qe6 18. Bd3 Nd7 19. Rb3 Rb6 20. Rfb1 f6 21. Be3 Rfb8 22. g3 g5 23. R1b2 Kh8 24. Qd1 Rd8 25. Qe2 Rdb8 26. Kh1 Qf7 27. Qf1 Qe6 28. Qe2 h6 29. f4 gxf4 30. gxf4 Qh3 31. Qf2 Rf8 32. Bf1 Qg4 33. Rb1 Bb7 34. Bg2 Kh7 35. Rxb6 axb6 36. Bf3 Qh3 37. f5 Rg8 38. Rd1 Ba6 39. Rxd6 Rg7 40. Bg2 Qh5 41. Qd2 Bc8 42. Qd1 Qxd1+ 43. Rxd1 Ba6 44. Bf1 Bb7 45. Bg2 Ba6 46. Bf3 Bxc4 47. Bh5 Re7 48. Bg6+ Kg7 49. Rg1 Bxa2 50. Bh5+ Kh7 51. Rg6 Rg7 52. Rxh6+ Kg8 53. Be2 Bb1 54. Bc4+ Kf8 55. Rh4 Ke7 56. Bd5 b5 57. Bh6 Rh7 58. Kg2 Rh8 59. Kf3 Nb6 60. Kg4 Nxd5 61. exd5 Ba2 62. Be3 Rxh4+ 63. Kxh4 Bxd5 64. Bxc5+ Kf7 65. Kg4 Bb3 66. Kf3 Bc2 67. Kg4 Bd1+ 68. Kg3 Bc2 69. Kg4 Bd1+ 70. Kh4 Bc2 71. Kg4 1/2-1/2

[Event "GRE-ch U20 Girls"]
[Site "Trikala"]
[Date "2023.04.23"]
[Round "8"]
[White "Kalamoukou, Giolanta"]
[Black "Kosma, Maria"]
[Result "1-0"]
[WhiteElo "1586"]
[BlackElo "1619"]
[PlyCount "95"]
[EventDate "2023.04.18"]
[EventType "swiss"]
[EventRounds "9"]
[EventCountry "GRE"]
[SourceTitle "EXT 2024"]
[Source "ChessBase"]
[SourceDate "2023.10.10"]
[SourceVersion "1"]
[SourceVersionDate "2023.10.10"]
[SourceQuality "1"]

1. d4 Nf6 2. c4 e6 3. Nc3 Bb4 4. e3 0-0 5. a3 Bxc3+ 6. bxc3 c5 7. Bd3 d5 8. cxd5 exd5 9. Ne2 b6 10. 0-0 Ba6 11. a4 Bxd3 12. Qxd3 Nc6 13. Ba3 c4 14. Qc2 Re8 15. Ng3 Ne4 16. Nxe4 Rxe4 17. Rae1 Qe8 18. Bc1 Na5 19. f3 Re6 20. e4 Nb3 21. e5 f6 22. f4 fxe5 23. f5 Nxc1 24. Qxc1 Rh6 25. dxe5 Qh5 26. h3 Rf8 27. Qd2 Rd8 28. e6 Rf6 29. Re5 d4 30. cxd4 g6 31. e7 Re8 32. fxg6 Qh4 33. Rxf6 Qxf6 34. gxh7+ Kh8 35. Qe2 c3 36. Qc4 Kxh7 37. Qxc3 Rxe7 38. Rxe7+ Qxe7 39. d5 Qd7 40. Qc6 Qe7 41. Qe6 Qc7 42. d6 Qc1+ 43. Kf2 Qd2+ 44. Kg3 Qg5+ 45. Qg4 Qe3+ 46. Kh2 Qe5+ 47. Qg3 Qd4 48. h4 1-0

[Event "GRE-ch U20 Girls"]
[Site "Trikala"]
[Date "2023.04.21"]
[Round "5"]
[White "Kosma, Maria"]
[Black "Bania, Eleni"]
[Result "1-0"]
[WhiteElo "1619"]
[BlackElo "1615"]
[PlyCount "107"]
[EventDate "2023.04.18"]
[EventType "swiss"]
[EventRounds "9"]
[EventCountry "GRE"]
[SourceTitle "EXT 2024"]
[Source "ChessBase"]
[SourceDate "2023.10.10"]
[SourceVersion "1"]
[SourceVersionDate "2023.10.10"]
[SourceQuality "1"]

1. e4 c5 2. Nf3 e6 3. c4 Nc6 4. d4 cxd4 5. Nxd4 Nf6 6. Nc3 Bb4 7. Nxc6 bxc6 8. Bd3 e5 9. 0-0 d6 10. Na4 0-0 11. a3 Ba5 12. b4 Bb6 13. c5 dxc5 14. bxc5 Ba5 15. Qc2 Rb8 16. Bg5 h6 17. Bh4 g5 18. Bg3 Qe7 19. Bc4 Nh5 20. Rad1 Bc7 21. Rd2 Nf4 22. Qd1 Ne6 23. Qh5 Kg7 24. h4 Bd7 25. Rfd1 Be8 26. hxg5 Nxg5 27. Qg4 Qf6 28. Nb2 Kh7 29. Ba2 Rg8 30. Qe2 Qg6 31. Bb1 Ne6 32. Qf3 Nd4 33. Rxd4 exd4 34. e5 Rxb2 35. Bxg6+ Rxg6 36. e6 Bxg3 37. exf7 Bxf2+ 38. Kh1 Bxf7 39. Qxf7+ Rg7 40. Qf5+ Kg8 41. Qc8+ Kh7 42. Qxc6 h5 43. Qe4+ Kh6 44. Qf4+ Kh7 45. Rf1 Be3 46. Qe4+ Kg8 47. Qe8+ Kh7 48. Qxh5+ Kg8 49. Qd5+ Kh7 50. Rf5 Rb1+ 51. Kh2 Bg1+ 52. Kh3 Be3 53. Rh5+ Bh6 54. Qf5+ 1-0

[Event "GRE-ch U20 Girls"]
[Site "Trikala"]
[Date "2023.04.19"]
[Round "2"]
[White "Kratimenou, Georgia"]
[Black "Kosma, Maria"]
[Result "0-1"]
[WhiteElo "1402"]
[BlackElo "1619"]
[PlyCount "68"]
[EventDate "2023.04.18"]
[EventType "swiss"]
[EventRounds "9"]
[EventCountry "GRE"]
[SourceTitle "EXT 2024"]
[Source "ChessBase"]
[SourceDate "2023.10.10"]
[SourceVersion "1"]
[SourceVersionDate "2023.10.10"]
[SourceQuality "1"]

1. e4 c5 2. Nc3 e6 3. g3 d5 4. d3 Nc6 5. Bg2 d4 6. Nce2 Nf6 7. h3 Qc7 8. f4 h5 9. Nf3 b5 10. 0-0 Bb7 11. Bd2 Rd8 12. Qe1 c4 13. Qf2 Bc5 14. Ng5 Ne7 15. Rae1 b4 16. Bc1 Bb6 17. Kh1 cxd3 18. cxd3 Qc2 19. Rd1 Ba6 20. Rd2 Qa4 21. b3 Qd7 22. Bb2 Nc6 23. Rc1 e5 24. Rdc2 Bb5 25. a4 bxa3 26. Bxa3 a5 27. Rd2 Ng4 28. hxg4 hxg4+ 29. Kg1 f6 30. Bc5 Bc7 31. Rf1 fxg5 32. fxe5 Qe6 33. Nxd4 Nxd4 34. Qe3 Qxe5 0-1

[Event "EU-ch Amateur Online 1400/1700"]
[Site "Tornelo INT"]
[Date "2021.04.17"]
[Round "5"]
[White "Martel Bruniaux, Malko"]
[Black "Kosma, Maria"]
[Result "1-0"]
[WhiteElo "1567"]
[BlackElo "1271"]
[PlyCount "75"]
[EventDate "2021.04.17"]
[EventType "swiss (rapid)"]
[EventRounds "8"]
[EventCountry "NET"]
[SourceTitle "EXT 2023"]
[Source "ChessBase"]
[SourceDate "2022.10.05"]
[SourceVersion "1"]
[SourceVersionDate "2022.10.05"]
[SourceQuality "1"]

1. d4 d5 2. Nf3 Nf6 3. c4 e6 4. g3 Be7 5. Bg2 0-0 6. 0-0 c5 7. cxd5 exd5 8. a3 b6 9. dxc5 bxc5 10. Nc3 Bb7 11. Bg5 d4 12. Na4 Na6 13. Rc1 Rc8 14. b3 Be4 15. Nd2 Bxg2 16. Kxg2 Qd5+ 17. Nf3 h6 18. Bf4 g5 19. Bd2 g4 20. Bxh6 gxf3+ 21. exf3 Rfe8 22. Qd2 Nh7 23. Rfe1 Bg5 24. Bxg5 Qxg5 25. Qd3 Nc7 26. Rxc5 Nd5 27. Rxc8 Rxc8 28. Re4 f5 29. Rxd4 Nhf6 30. Rxd5 Nxd5 31. Qxd5+ Kf8 32. Nc5 Qf6 33. Nd7+ Ke7 34. Nxf6 Kxf6 35. Qd6+ Kg5 36. Qe7+ Kh5 37. f4 Rh8 38. Qg5# 1-0

[Event "GRE-ch Online Rapid (Women) 1st"]
[Site "Tornelo INT"]
[Date "2021.02.06"]
[Round "8"]
[White "Kosma, Maria"]
[Black "Athanasiou, Soumela"]
[Result "1-0"]
[WhiteElo "1174"]
[BlackElo "1322"]
[PlyCount "111"]
[EventDate "2021.02.06"]
[EventType "swiss (rapid)"]
[EventRounds "8"]
[EventCountry "GRE"]
[SourceTitle "EXT 2023"]
[Source "ChessBase"]
[SourceDate "2022.10.05"]
[SourceVersion "1"]
[SourceVersionDate "2022.10.05"]
[SourceQuality "1"]

1. d4 d5 2. c4 e6 3. cxd5 exd5 4. Nc3 Nf6 5. Bg5 c6 6. e3 Bf5 7. Qb3 Qc8 8. Bxf6 gxf6 9. Rc1 Bd6 10. Nb5 Be7 11. Bd3 Bxd3 12. Qxd3 Qd8 13. Nc3 Nd7 14. Nge2 Nb6 15. 0-0 Qd7 16. e4 dxe4 17. Nxe4 0-0-0 18. Qb3 Qe6 19. Qxe6+ fxe6 20. Rfd1 f5 21. Nd2 Bb4 22. Nf3 Rhg8 23. Nf4 Rde8 24. a3 Bd6 25. Nd3 Rg7 26. Re1 Nd5 27. Nfe5 Reg8 28. g3 f4 29. Kg2 fxg3 30. hxg3 h5 31. Rh1 Rh7 32. Nc4 Bc7 33. Nce5 h4 34. g4 Rg5 35. f4 Rgg7 36. Kf3 Bxe5 37. dxe5 Rf7 38. Rc4 Kc7 39. b4 Rf8 40. Nc5 Re8 41. Re4 b6 42. Nb3 Nc3 43. Rc4 Nb5 44. Rhc1 Nxa3 45. Rxc6+ Kb7 46. Nd4 Rd8 47. Ke4 a6 48. Nxe6 Rdd7 49. f5 Nb5 50. Nf8 Rd4+ 51. Kf3 Rg7 52. Ne6 Rgxg4 53. Nxd4 Nxd4+ 54. Kxg4 Nxc6 55. e6 Nxb4 56. e7 1-0

[Event "GRE-ch Online Rapid (Women) 1st"]
[Site "Tornelo INT"]
[Date "2021.02.06"]
[Round "6"]
[White "Kosma, Maria"]
[Black "Kratimenou, Maria"]
[Result "0-1"]
[WhiteElo "1174"]
[BlackElo "1196"]
[PlyCount "54"]
[EventDate "2021.02.06"]
[EventType "swiss (rapid)"]
[EventRounds "8"]
[EventCountry "GRE"]
[SourceTitle "EXT 2023"]
[Source "ChessBase"]
[SourceDate "2022.10.05"]
[SourceVersion "1"]
[SourceVersionDate "2022.10.05"]
[SourceQuality "1"]

1. d4 Nf6 2. c4 e6 3. Nc3 Bb4 4. e3 0-0 5. Bd3 d5 6. cxd5 exd5 7. Nge2 c6 8. 0-0 Be6 9. a3 Bd6 10. Ng3 Qd7 11. Nh5 Nxh5 12. Qxh5 h6 13. h3 Qe7 14. e4 dxe4 15. Nxe4 Nd7 16. Bxh6 g6 17. Qf3 Rfc8 18. Bg5 Qf8 19. Nxd6 Qxd6 20. Rad1 Bd5 21. Qg4 Nf6 22. Qh4 Nh7 23. f4 Nxg5 24. fxg5 Be6 25. Rf6 Qd5 26. Qh6 Qxd4+ 27. Kh1 Bf5 0-1

[Event "GRE-ch South U14 Girls"]
[Site "Athens"]
[Date "2020.09.01"]
[Round "5"]
[White "Kosma, Maria"]
[Black "Sarantou, Ioanna"]
[Result "1-0"]
[WhiteElo "1270"]
[BlackElo "1091"]
[PlyCount "60"]
[EventDate "2020.08.28"]
[EventType "swiss"]
[EventRounds "7"]
[EventCountry "GRE"]
[SourceTitle "EXT 2023"]
[Source "ChessBase"]
[SourceDate "2022.10.05"]
[SourceVersion "1"]
[SourceVersionDate "2022.10.05"]
[SourceQuality "1"]

1. d4 d5 2. c4 Nf6 3. cxd5 Nxd5 4. e4 Nf6 5. Nc3 e6 6. Bg5 Be7 7. f4 0-0 8. Nf3 h6 9. Bxf6 Bxf6 10. Be2 Nd7 11. 0-0 c5 12. e5 Be7 13. d5 Qa5 14. d6 Bd8 15. Nd2 Qb6 16. Nc4 Qa6 17. Rf3 b5 18. Na3 c4 19. Ncxb5 Qb6+ 20. Kh1 Qc5 21. Bxc4 Bb7 22. Rg3 Qf2 23. Qd4 Bb6 24. Qxf2 Bxf2 25. Rc3 Be4 26. Nc7 Rab8 27. Rb3 h5 28. Rf1 Bd4 29. Nxe6 Rb5 30. Rb4 Rxb4 1-0

[Event "GRE-ch South U14 Girls"]
[Site "Athens"]
[Date "2020.08.30"]
[Round "3"]
[White "Kosma, Maria"]
[Black "Athanasiou, Soumela"]
[Result "0-1"]
[WhiteElo "1270"]
[BlackElo "1301"]
[PlyCount "92"]
[EventDate "2020.08.28"]
[EventType "swiss"]
[EventRounds "7"]
[EventCountry "GRE"]
[SourceTitle "EXT 2023"]
[Source "ChessBase"]
[SourceDate "2022.10.05"]
[SourceVersion "1"]
[SourceVersionDate "2022.10.05"]
[SourceQuality "1"]

1. d4 d5 2. c4 e6 3. Nc3 a6 4. cxd5 exd5 5. Nf3 Nf6 6. Bg5 c6 7. e3 h6 8. Bh4 Bd6 9. h3 Nbd7 10. Bd3 Qc7 11. Bxf6 Nxf6 12. Qb3 Be6 13. Na4 Qa5+ 14. Nc3 Rb8 15. 0-0 0-0 16. Qc2 Rfc8 17. Bf5 Bxf5 18. Qxf5 Qb4 19. Rab1 Re8 20. a3 Qa5 21. Rbc1 Ne4 22. Rc2 Rbd8 23. Nxe4 Rxe4 24. Nd2 Re6 25. f3 Qa4 26. Rc3 Rde8 27. Kf2 Be7 28. Nb3 Bd6 29. Re1 Rg6 30. g4 Ree6 31. Qd3 h5 32. Nc5 Bxc5 33. Rxc5 hxg4 34. hxg4 b6 35. Rc2 Rh6 36. Kg3 b5 37. Qc3 Qc4 38. Qd2 Qb3 39. Re2 Qa2 40. Qa5 Qb1 41. g5 Rh5 42. Kf4 Qg1 43. Qd8+ Kh7 44. g6+ fxg6 45. Rg2 Qxe3+ 46. Kg3 Rf6 0-1

[Event "GRE-ch South U14 Girls"]
[Site "Athens"]
[Date "2020.08.28"]
[Round "1"]
[White "Kosma, Maria"]
[Black "Karavitaki, Antonia"]
[Result "1/2-1/2"]
[WhiteElo "1270"]
[BlackElo "1475"]
[PlyCount "142"]
[EventDate "2020.08.28"]
[EventType "swiss"]
[EventRounds "7"]
[EventCountry "GRE"]
[SourceTitle "EXT 2023"]
[Source "ChessBase"]
[SourceDate "2022.10.05"]
[SourceVersion "1"]
[SourceVersionDate "2022.10.05"]
[SourceQuality "1"]

1. d4 Nf6 2. c4 c5 3. d5 b5 4. e3 Bb7 5. Nf3 bxc4 6. Nc3 d6 7. Bxc4 g6 8. 0-0 Bg7 9. Qe2 0-0 10. e4 Nbd7 11. Nd2 Nb6 12. f4 Ne8 13. Rd1 Nc7 14. Bd3 e6 15. dxe6 fxe6 16. Nc4 d5 17. Nxb6 axb6 18. Kh1 Qf6 19. e5 Qe7 20. Qg4 Rad8 21. Nb5 Nxb5 22. Bxb5 Qf7 23. b4 Qf5 24. Be2 Qxg4 25. Bxg4 Rfe8 26. bxc5 bxc5 27. Ba3 Bf8 28. Rab1 Ba8 29. Rb6 Kf7 30. Ra6 Rb8 31. Rc1 h5 32. Bh3 Rb7 33. Bxe6+ Rxe6 34. Rxa8 Rc6 35. h3 Be7 36. Ra5 Rbc7 37. Kg1 d4 38. Kf2 d3 39. Ke3 c4 40. Bxe7 Kxe7 41. Kd2 Rb7 42. Kc3 Rd7 43. a4 d2 44. Rd1 Rd3+ 45. Kc2 Rb6 46. Rxd2 Rdb3 47. Rb5 R6xb5 48. axb5 Rxb5 49. Rd6 g5 50. g3 h4 51. Rg6 hxg3 52. Rxg5 Rb3 53. f5 Rf3 54. h4 Rf2+ 55. Kc3 g2 56. Kxc4 Rxf5 57. Rxg2 Rxe5 58. Rg4 Kf6 59. Kd4 Ra5 60. Ke3 Rh5 61. Kf4 Ra5 62. Rg8 Ra4+ 63. Kg3 Ra1 64. Rb8 Rg1+ 65. Kf4 Rf1+ 66. Kg4 Rg1+ 67. Kh5 Rg7 68. Rf8+ Rf7 69. Rg8 Rh7+ 70. Kg4 Rg7+ 71. Rxg7 Kxg7 1/2-1/2